| Tag |
First Indicator |
Second Indicator |
Subfields |
| LEADER |
00000cam a2200000 a 4500 |
| 001 |
in00000069971 |
| 005 |
20151008055931.0 |
| 008 |
760916m19759999enk 00001 engm |
| 010 |
|
|
|a 76365931
|
| 015 |
|
|
|a GB75-31278 (v. 1)
|
| 020 |
|
|
|a 0491017944 (v. 1) :
|c 3.00 (v. 1)
|
| 035 |
|
|
|a (OCoLC)02436751
|
| 035 |
|
|
|9 AAJ4755AM
|
| 040 |
|
|
|a DLC
|c DLC
|d m.c.
|d TXA
|d UtOrBLW
|
| 049 |
|
|
|a TXAS
|v 1 [1422313]
|
| 050 |
0 |
0 |
|a PZ1
|b .B3885
|a PR1309.S3
|
| 082 |
0 |
|
|a 823/.01
|
| 090 |
|
|
|a PR1309.S3
|b B356
|
| 245 |
0 |
0 |
|a Before Armageddon :
|b an anthology of Victorian and Edwardian imaginative fiction published before 1914 /
|c edited and introduced by Michael Moorcock.
|
| 264 |
|
1 |
|a London :
|b W.H. Allen,
|c 1975-
|
| 300 |
|
|
|a volumes ;
|c 23 cm.
|
| 336 |
|
|
|a text
|b txt
|2 rdacontent
|
| 337 |
|
|
|a unmediated
|b n
|2 rdamedia
|
| 338 |
|
|
|a volume
|b nc
|2 rdacarrier
|
| 505 |
1 |
|
|a v.1. The battle of Dorking / G.T. Chesney. Dr Trifulgas / Jules Verne. The raid of Le Vengeur / George Griffith. The great war in England in 1897 / William Le Quex. Life in our new century / W.J. Wintle. The three drugs / E. Nesbit.
|
| 650 |
|
0 |
|a Science fiction.
|
| 650 |
|
0 |
|a Fantasy fiction.
|
| 700 |
1 |
|
|a Moorcock, Michael,
|d 1939-
|
| 999 |
|
|
|a MARS
|
| 999 |
f |
f |
|s 5526520f-9f21-3a37-97b5-d0c96ecf2c49
|i 83c1764d-c670-39a5-a402-33d20a118e82
|t 0
|
| 952 |
f |
f |
|p noncirc
|a Texas A&M University
|b College Station
|c Cushing Memorial Library & Archives
|d Cushing: Science Fiction (Does not check out)
|t 0
|e PR1309.S3 B356
|h Library of Congress classification
|i unmediated -- volume
|m A14806067146
|
| 998 |
f |
f |
|a PR1309.S3 B356
|s v1
|t 0
|l Cushing: Science Fiction (Does not check out)
|